00383nam a2200133Ia 4500008004100000020001500041041000800056082001900064245009100083250000600174260003200180300001200212650002500224210716s2005 xx 000 0 und d a0749444444 aeng a174.9658 INTE aHandbook of international corporate governance: a definitive guide.bDefinitive guide. a1 aNew DelhibKogan Pagec2005 axxi,506 aCorporate Governance